Dutch train stations - Overijssel - Statistics

General Stats
  • This quiz has been taken 274 times
    5 since last reset
  • The average score is 18 of 36
Answer Stats
Company Answer % Correct
DB Regio/Keolis/NS Enschede
100%
Keolis/NS/Syntus/ERB Hengelo
100%
Keolis Kampen
100%
Arriva/Keolis/NS Zwolle
100%
Keolis Zwolle Stadshagen
100%
Arriva/Keolis/NS Almelo
75%
NS Deventer
75%
Arriva Hardenberg
75%
NS Kampen Zuid
75%
Syntus/ERB Oldenzaal
75%
NS Olst
75%
NS Wijhe
75%
Arriva Dalfsen
50%
Keolis/NS Enschede Kennispark
50%
Arriva Gramsbergen
50%
Keolis Heino
50%
NS Holten
50%
Arriva Mariënberg
50%
Keolis Nijverdal
50%
Arriva Ommen
50%
Arriva Vriezenveen
50%
Keolis/NS Almelo de Riet
25%
Keolis/NS Borne
25%
Arriva Daarlerveen
25%
NS Deventer Colmschate
25%
DB Regio Enschede de Eschmarke
25%
DB Regio Glanerbrug
25%
Syntus Goor
25%
Syntus Hengelo Gezondheidspark
25%
Keolis Raalte
25%
NS Rijssen
25%
Arriva Vroomshoop
25%
Keolis/NS Wierden
25%
Syntus Delden
0%
Syntus Hengelo Oost
0%
NS Steenwijk
0%
No matching quizzes found
Score Distribution
Percent of People with Each Score
Percentile by Number Answered
Your Score History
You have not taken this quiz since the last reset